000 00606nam a2200193 i 4500
001 132413
003 ES-MaACL
005 20230906194155.0
007 t|
008 070214s1916 sp |||| | spa d
080 _a(656:460)(036)
100 1 _aRomero Chacón, Ignacio.
_999364
245 1 0 _aGuía postal de España /
_cpor Ignacio Romero Chacón y José Castillón Sánchez.
260 _aOlot :
_b[s. n.],
_c1916 (
_fTip. de Pedro Alzambra)
300 _a568 p. ;
_c22 x 16 cm.
650 4 _aCorreos-
_zEspaña.
_9135826
700 1 _aCastillón Sánchez, José.
_936782
852 _aES-MaACL
_jB-920
999 _c132413
_d132413